| 000 | 00638nam a22002177a 4500 | ||
|---|---|---|---|
| 003 | NUST-PNEC | ||
| 005 | 20170116180746.0 | ||
| 008 | 150209b xxu||||| |||| 00| 0 eng d | ||
| 020 | _a1570625328 | ||
| 040 | _cPNEC | ||
| 082 | _a297.4 THA | ||
| 100 |
_91305 _aThackston W.M. |
||
| 245 |
_aSigns of the unseen : The discourses of Jalaluddin Rumi _cW.M.Thackston |
||
| 250 | _a- | ||
| 260 |
_aLondon : _bShambhala ; _cc1999. |
||
| 300 |
_axxvi , 259 p. : _b- _c21 cm |
||
| 500 | _a- | ||
| 650 | _xHistory | ||
| 856 | _uhttp://www.amazon.com/s/ref=nb_sb_noss?url=search-alias%3Dstripbooks&field-keywords=1570625328 | ||
| 942 |
_2ddc _cBK |
||
| 999 |
_c62377 _d62377 |
||